| 000 | 00473nam a2200169Ia 4500 | ||
|---|---|---|---|
| 003 | GCL | ||
| 008 | 140319s9999 xx 000 0 eng d | ||
| 040 |
_aGCL / _cGCL |
||
| 082 | 0 | 4 |
_a658.4038 _bE M |
| 100 | 1 | _aEARL, MICHAL J. | |
| 245 | 1 | 0 |
_aMANAGEMENT STRATEGIES FOR INFORMATION TECHNOLOGY / _cEARL, MICHAL J. |
| 260 |
_a[S.N] : _bPRENTICE HALL ، _c1989 |
||
| 300 | _a218 P | ||
| 650 | 0 | 4 | _aINFORMATION TECHNOLOGY |
| 650 | 0 | 4 | _aINFORMATION RESOURCESS |
| 942 |
_2ddc _cBK |
||
| 999 |
_c19279 _d19279 |
||